| 000 | 00546cam a22001691 4500 | ||
|---|---|---|---|
| 082 |
_a620.11 _bMUR _cL-5, P-9 |
||
| 100 | 1 |
_aMurphy, Glenn, _940759 |
|
| 245 | 1 | 0 |
_aAdvanced mechanics of materials, _cby Glenn Murphy ... |
| 250 | _a1st ed. | ||
| 260 |
_aNew York, _aLondon, _bMcGraw-Hill Book Company, inc., _c1946. |
||
| 300 |
_aix, 307 p. incl. illus., diagrs. _c24 cm. |
||
| 526 |
_a0 _b0 _c0 _d620_110000000000000_MUR |
||
| 650 | 0 |
_aMCE _9379 |
|
| 650 | 0 |
_aStrains and stresses. _928238 |
|
| 650 | 0 |
_aStrength of materials. _9563 |
|
| 942 |
_2ddc _cBK |
||
| 999 |
_c545004 _d545004 |
||